| 000 | 00611nam a22002057a 4500 | ||
|---|---|---|---|
| 005 | 20251108172323.0 | ||
| 008 | 250721s2000 xx 000 0 ara d | ||
| 082 | 1 | 4 | _a214.5/عفا |
| 100 | 1 | _aعفانة، جواد | |
| 245 | 1 | 0 |
_aلا عذاب في القبر : _bمختصر كتاب حقيقة عذاب القبر / |
| 264 | 1 |
_aعمان : _bالمؤلف، _c2000. |
|
| 300 | _a162ص | ||
| 650 | 1 | 7 | _aالعقيدة الدينية |
| 650 | 1 | 7 | _aالإسلام |
| 650 | 1 | 7 | _aالعذاب |
| 650 | 1 | 7 | _aعذاب القبر |
| 650 | 1 | 7 | _aالحياة الآخرة |
| 942 |
_2ddc _cBK |
||
| 999 |
_c76110 _d76110 |
||